Normal view
MARC view
- Electric Energy Systems
Entry Topical Term
001 - CONTROL NUMBER
- control field: 123472
003 - CONTROL NUMBER IDENTIFIER
- control field: NUST
005 - DATE AND TIME OF LATEST TRANSACTION
- control field: 20240611122155.0
008 - FIXED-LENGTH DATA ELEMENTS
- fixed length control field: 240611|| aca||aabn | a|a d
040 ## - CATALOGING SOURCE
- Original cataloging agency: NUST
- Transcribing agency: NUST
150 ## - HEADING--TOPICAL TERM
- Topical term or geographic name entry element: Electric Energy Systems
670 ## - SOURCE DATA FOUND
- Source citation: Work cat.: (NUST): Gomez-Exposito ,Antonio 69609, Electric Energy Systems :, 2018.
